| 000 | 01052nam a2200301 a 4500 | ||
|---|---|---|---|
| 001 | BRCA_4778 | ||
| 005 | 20190320204812.0 | ||
| 008 | 100110s1934----mx-a######---#000-0#spa-# | ||
| 041 | _aspa | ||
| 044 | _amx | ||
| 050 | 4 |
_aNA5257 _b.G37 2 1934 |
|
| 100 | 1 |
_aGarcía Granados, Rafael. _910174 |
|
| 245 | 1 | 0 |
_aHuejotzingo _bla ciudad y el convento franciscano _ctexto de Rafael García Granados y Luis MacGregor. |
| 260 |
_aMéxico _bTalleres Gráficos de la Nación _c1934 |
||
| 300 |
_a375 p. _bil. _c23 cm. |
||
| 440 | 0 |
_aMonografías históricas mexicanas _912074 |
|
| 500 | _aEstado físico: Cubierta deteriorada | ||
| 500 | _aIncluye índice alfabético e índice de ilustraciones | ||
| 500 | _aEjemplar igual a C65 | ||
| 500 | _aCFG53 | ||
| 650 | 1 | 4 |
_aSan Francisco _xConvento _zHuejotzingo, Puebla _912075 |
| 650 | 1 | 4 |
_aArquitectura religiosa _eMéxico _94011 |
| 650 | 1 | 4 |
_aConventos y monasterios _eMéxico _910020 |
| 651 | 4 |
_aHuejotzingo _zPuebla _912076 |
|
| 700 | 1 |
_aMcGregor Luis _cArquitecto _912077 |
|
| 902 | _aGFM | ||
| 942 |
_2lcc _cB |
||
| 999 |
_c4475 _d4475 |
||